000 00622nam a2200217Ia 4500
003 OSt
005 20221006151307.0
006 a|||||r|||| 00| 0
007 ta
008 221006b |||||||| |||| 00| 0 eng d
024 _a21,621
037 _cTextual
040 _aEASL
_cEASL
_beng
041 _2eng
_aeng
100 _aMORTON F R Ed.
_9658812
245 0 _aProceedings of the first conference on the role of the language laboratory in the secondary school
260 _aMichigen
_bUniversity of Michigen
_c1961
300 _a82p.
_ccm.
942 _cTEXL
_2CC
999 _c1089707
_d1089707